| 000 | 00823nam a22002417a 4500 | ||
|---|---|---|---|
| 001 | 113481 | ||
| 003 | DR-UNIBE | ||
| 005 | 20250612062549.0 | ||
| 008 | 250424b |||||||| |||| 00| 0 spa d | ||
| 020 | _a9993442321 | ||
| 040 |
_aBIBLIOTECA UNIBE _cBIBLIOTECA UNIBE _erda |
||
| 041 | _aspa | ||
| 082 | _aRD 863.5 N964e | ||
| 100 |
_aNúñez Guerrero, Sheilly, _d1980- _eautor _9194508 |
||
| 245 | 1 | 4 |
_aLos elementos / _cSheilly Núñez Guerrero |
| 260 |
_aSanto Domingo : _bEdiciones Ferilibro, _c2005. |
||
| 490 |
_aEdiciones Ferilibro ; _n67 |
||
| 505 | _aYo soy agua | Yo soy aire | Yo soy tierra | Yo soy fuego | Yo soy ... mis elementos | | ||
| 650 |
_2lemb _aCuentos dominicanos |
||
| 650 |
_2lemb _aLiteratura dominicana |
||
| 700 | 1 |
_aFernández Pequeño, José M. _eeditor _9194509 |
|
| 942 |
_2ddc _cBK |
||
| 999 |
_c113481 _d113481 |
||